000
00261 a2200133 4500
001
194826
040
_c
Magnum
100
_a
Azevedo, Aluísio
240
1
0
_a
Demônios
_l
por
245
1
0
_a
Demônios
300
_a
22
697
_a
LITERATURA GERAL
942
_c
BK
999
_c
194826
_d
194826